00345nam a2200133Ia 4500008004100000020001500041041001200056082001600068100001400084245006000098260002900158300000800187650001600195221030s9999 xx 000 0 und d a8170298245 aEnglish a105.23bECA aECA / BPB 0aUpto Date Diodes Data & Comparison Tablescby ECA / BPB bBPB PubaNew Delhic1988 a517 aBE Computer